000 02056nam a2200373 a 4500
001 ebr10557791
003 CaPaEBR
006 m u
007 cr cn|||||||||
008 120217s2012 dcua sb 001 0 eng d
010 _z 2012007052
020 _z9780309214353 (hardcover)
040 _aCaPaEBR
_cCaPaEBR
035 _a(OCoLC)797817420
050 1 4 _aQR189
_b.I57 2012eb
082 0 4 _a615.3/72
_223
110 2 _aInstitute of Medicine (U.S.)
245 1 0 _aAdverse effects of vaccines
_h[electronic resource] :
_bevidence and causality /
_cInstitute of Medicine of the National Academies.
260 _aWashington, D.C. :
_bNational Academies Press,
_c2012.
300 _axxvii, 865 p. :
_bcol. ill.
500 _a"Committee to Review Adverse Effects of Vaccines ; Board on Population Health and Public Health Practice."
504 _aIncludes bibliographical references and index.
505 0 _aApproach -- Evaluating biological mechanisms of adverse events -- Measles, mumps, and rubella vaccine -- Varicella virus vaccine -- Influenza vaccine -- Hepatitis A vaccine -- Hepatitis B vaccine -- Human papillomavirus vaccine -- Diphtheria toxoid-, tetanus toxoid-, and acellular pertussis-containing vaccines -- Meningococcal vaccine -- Injection-related adverse events -- Concluding comments.
533 _aElectronic reproduction.
_bPalo Alto, Calif. :
_cebrary,
_d2011.
_nAvailable via World Wide Web.
_nAccess may be limited to ebrary affiliated libraries.
650 0 _aVaccination
_xComplications.
650 0 _aBacterial diseases
_xPrevention.
650 0 _aVirus diseases
_xPrevention.
655 7 _aElectronic books.
_2local
700 1 _aStratton, Kathleen R.
710 2 _aInstitute of Medicine (U.S.).
_bCommittee to Review Adverse Effects of Vaccines.
710 2 _aInstitute of Medicine (U.S.).
_bBoard on Population Health and Public Health Practice.
710 2 _aebrary, Inc.
856 4 0 _uhttp://site.ebrary.com/lib/rucke/Doc?id=10557791
_zAn electronic book accessible through the World Wide Web; click to view
999 _c87745
_d87745